00466nam a2200193 a 4500001001300000003000900013005001700022008004100039020001000080082001300090100001800103245002800121260002700149300000800176500003500184505002200219650001300241700001800254nice12345678IN_TiNIC20260116015115.0050524s0000 mala grp 000 0 eng  ac10000a294bSEN aSeng, Kem Eng aKarma and Reincarnation aMalaysiabAuthorc0000 a22p aincludes index and biblioraphy2 aFeb, 25-27, 2000. aHinduism1 aSeng, Kem Eng